000
00324nam a22001457a 4500
008
230721b ||||| |||| 00| 0 eng d
020
_a
9780521338462
041
_a
eng
080
_a
53
082
_a
53D'ES
100
_a
20.1
101
_a
FIZIK
245
_a
REALITY AND THE PHYSICIST
_c
D'ESPAGANT .B
942
_2
udc
_c
BK
999
_c
60201
_d
60201